| 000 | 00359pam a2200157a 44500 | ||
|---|---|---|---|
| 008 | 230515b1989 xxu||||| |||| 00| 0 eng d | ||
| 020 | _aNULL | ||
| 041 | _aENG | ||
| 082 | _a611.078 | ||
| 100 | _aMOFFAT D.B. | ||
| 245 | _aLECTURE NOTES ON ANATOMY | ||
| 250 | _a- | ||
| 260 |
_aNULL _bOXFORD UNIVERSITY PRESS _c1989 |
||
| 300 | _a418 | ||
| 650 | _aANATOMY | ||
| 999 |
_c542939 _d542939 |
||